000 01134nam a22002537a 4500
001 44093
003 BD-RjUL
005 20211209053811.0
008 160713s1996 ii ||||| |||| 00| 0 ben d
035 _a(BD-RjUL)44211
040 _aBD-RjUL
_bben
_cBD-RjUL
041 _aben
082 _223
_a891.441409
_bBAR 1996
100 _aবন্দ্যোপাধ্যায়, কুমার
_9135388
245 1 0 _aরবীন্দ্র-সৃষ্টি-সমীক্ষা /
_cকুমার বন্দ্যোপাধ্যায়
250 _a৩য় সং. পরিমার্জ
260 _aকলিকাতা :
_bওরিয়েন বুক,
_c১৯৯৬
300 _a খণ্ড ;
_c২১ সেমি.
505 0 _aখণ্ড ১ -- খণ্ড ২ --
600 _aঠাকুর, রবীন্দ্রনাথ,
_d১৮৬১-১৯৪১
_9149079
600 _aTagore, Robindronath,
_d1841-1941
_xCriticism and interpretation
_9135527
700 _aসেনগুপ্ত, সুবোধচন্দ্র, ভূমিকা
_9127625
942 _2ddc
_cBK
_05
999 _c44093
_d44093